An efficient modified multi-step method for solving boundary value problems in ordinary differential equations; Перспективы развития фундаментальных наук; Т. 3 : Математика
| Parent link: | Перспективы развития фундаментальных наук=Prospects of Fundamental Sciences Development: сборник научных трудов XVI Международной конференции студентов, аспирантов и молодых ученых, г. Томск, 23-26 апреля 2019 г./ Национальный исследовательский Томский политехнический университет (ТПУ) ; под ред. И. А. Курзиной, Г. А. Вороновой.— , 2019 Т. 3 : Математика.— 2019.— [С. 38-40] |
|---|---|
| Autor principal: | |
| Autor corporatiu: | |
| Altres autors: | , |
| Sumari: | Заглавие с экрана В статье предложен модифицированный многошаговый метод для прямого решения краевых задач для обыкновенных дифференциальных уравнений высших порядков. Дискретная форма предлагаемого метода была получена с использованием коллокационного подхода. Для вычисления непрерывных коэффициентов метода использованы три сеточные и одна внесеточная точка. Численные эксперименты продемонстрировали эффективность предложенного метода по сравнению с результатами, известными из литературы. |
| Idioma: | anglès |
| Publicat: |
2019
|
| Matèries: | |
| Accés en línia: | http://earchive.tpu.ru/handle/11683/55913 |
| Format: | MixedMaterials Electrònic Capítol de llibre |
| KOHA link: | https://koha.lib.tpu.ru/cgi-bin/koha/opac-detail.pl?biblionumber=629762 |
MARC
| LEADER | 00000naa2a2200000 4500 | ||
|---|---|---|---|
| 001 | 629762 | ||
| 005 | 20231101133558.0 | ||
| 035 | |a (RuTPU)RU\TPU\conf\30527 | ||
| 035 | |a RU\TPU\conf\30487 | ||
| 090 | |a 629762 | ||
| 100 | |a 20190925d2019 k y0rusy50 ba | ||
| 101 | 0 | |a eng |d rus | |
| 102 | |a RU | ||
| 105 | |a y z 100zy | ||
| 135 | |a drcn ---uucaa | ||
| 181 | 0 | |a i | |
| 182 | 0 | |a b | |
| 200 | 1 | |a An efficient modified multi-step method for solving boundary value problems in ordinary differential equations |d Эффективный модифицированный многошаговый метод для решения граничных задач для обыкновенных дифференциальных уравнений |f H. Abdullah |g sci. adv. U. Mohammed, M. E. Semenov | |
| 203 | |a Текст |c электронный | ||
| 230 | |a 1 компьютерный файл (pdf; 230 Kb) | ||
| 300 | |a Заглавие с экрана | ||
| 320 | |a [Библиогр.: с. 40 (6 назв.)] | ||
| 330 | |a В статье предложен модифицированный многошаговый метод для прямого решения краевых задач для обыкновенных дифференциальных уравнений высших порядков. Дискретная форма предлагаемого метода была получена с использованием коллокационного подхода. Для вычисления непрерывных коэффициентов метода использованы три сеточные и одна внесеточная точка. Численные эксперименты продемонстрировали эффективность предложенного метода по сравнению с результатами, известными из литературы. | ||
| 461 | 1 | |0 (RuTPU)RU\TPU\conf\30347 |t Перспективы развития фундаментальных наук |l Prospects of Fundamental Sciences Development |o сборник научных трудов XVI Международной конференции студентов, аспирантов и молодых ученых, г. Томск, 23-26 апреля 2019 г. |o в 7 т. |f Национальный исследовательский Томский политехнический университет (ТПУ) ; под ред. И. А. Курзиной, Г. А. Вороновой |d 2019 | |
| 463 | 1 | |0 (RuTPU)RU\TPU\conf\30350 |t Т. 3 : Математика |v [С. 38-40] |d 2019 | |
| 510 | 1 | |a Эффективный модифицированный многошаговый метод для решения граничных задач для обыкновенных дифференциальных уравнений |z rus | |
| 610 | 1 | |a электронный ресурс | |
| 610 | 1 | |a труды учёных ТПУ | |
| 610 | 1 | |a многошаговые методы | |
| 610 | 1 | |a краевые задачи | |
| 610 | 1 | |a обыкновенные дифференциальные уравнения | |
| 610 | 1 | |a дифференциальные уравнения высших порядков | |
| 700 | 1 | |a Abdullah |b H. | |
| 702 | 1 | |a Mohammed |b U. |4 727 | |
| 702 | 1 | |a Semenov |b M. E. |c mathematician |c Associate Professor of Tomsk Polytechnic University, Candidate of physical and mathematical sciences |f 1978- |g Mikhail Evgenievich |2 stltpush |4 727 | |
| 712 | 0 | 2 | |a Национальный исследовательский Томский политехнический университет |b Инженерная школа ядерных технологий |b Отделение экспериментальной физики |h 7865 |2 stltpush |3 (RuTPU)RU\TPU\col\23549 |
| 801 | 2 | |a RU |b 63413507 |c 20190927 |g RCR | |
| 856 | 4 | |u http://earchive.tpu.ru/handle/11683/55913 | |
| 942 | |c BK | ||